| 000 | 01500nam a2200217Ia 4500 | ||
|---|---|---|---|
| 003 | OSt | ||
| 005 | 20210729125103.0 | ||
| 008 | 210310s1999 eu ad fr 100 0 eng d | ||
| 040 |
_aCO-JMCR _cCO-JMCR |
||
| 041 | 0 | _aeng | |
| 082 | 0 | 4 |
_a332.46 / _bS612n _223 |
| 111 | 2 |
_aSimposio Nuevos desafíos para política monetaria _d(26 al 28 agosto 1999 : _cJackson Hole) _938885 |
|
| 245 | 1 | 0 |
_aNew challenges for monetary policy / _cSimposio Nuevos desafíos para política monetaria |
| 260 |
_aKansas : _bFederal Reserve Bank of Kansas City, _c1999 |
||
| 300 |
_axxx, 430 páginas : _bilustraciones y gráficas a blanco y negro ; _c23 cm. |
||
| 504 | _aBibliografía al final de cada capítulo. | ||
| 505 | 0 |
_tChallenges for monetary policy: New and old / _rMervyn King _tMonetary policy and asset price volatility ben bernanke / _rMark Gertler _tMonetary policy in a transition to a floating exchange rate: remarks on the recent brazilian experience / _rArminio Fraga _tThe czech experience with asset bubbles and financial crises / _rJosef Tosovsky _tAsset price and monetary policy: Japan´s experience / _rYutaka Yamaguchi _tEconomic and monetary union in europe- The challenges ahead / _rWillen F. Duisenberg _tHow Should monetary policy beconducted in an era o price stability? / _rLars E.O. Svensson _tExchange rates and financial fragility barry eichengreen / _rRicardo Hausmann |
|
| 650 | 1 | 4 |
_aLa política monetaria _916598 |
| 650 | 2 | 4 |
_aBancos y banca central _zEstados Unidos _938886 |
| 942 |
_2ddc _cBK |
||
| 999 |
_c8196 _d8196 |
||